Linux From Scratch (E-BOOK) (Record no. 191396)
[ view plain ]
| 000 -LEADER | |
|---|---|
| fixed length control field | 00451 a2200145 4500 |
| 003 - CONTROL NUMBER IDENTIFIER | |
| control field | Nust |
| 005 - DATE AND TIME OF LATEST TRANSACTION | |
| control field | 20170207154015.0 |
| 040 ## - CATALOGING SOURCE | |
| Transcribing agency | Nust |
| 082 ## - DEWEY DECIMAL CLASSIFICATION NUMBER | |
| Classification number | 005.44 |
| 100 ## - MAIN ENTRY--PERSONAL NAME | |
| Personal name | Beekmans, Gerard |
| 245 ## - TITLE STATEMENT | |
| Title | Linux From Scratch (E-BOOK) |
| Remainder of title | Gerard Beekmans |
| 440 ## - SERIES STATEMENT/ADDED ENTRY--TITLE | |
| Title | Version 5.0 |
| 505 ## - FORMATTED CONTENTS NOTE | |
| Formatted contents note | Part I – Introduction (Page-4) Part II − Preparing for the build (Page-23) Part III − Building the LFS system Part (Page-71) IV − Appendices |
| 651 ## - SUBJECT ADDED ENTRY--GEOGRAPHIC NAME | |
| Geographic name | E-BOOK |
| 942 ## - ADDED ENTRY ELEMENTS (KOHA) | |
| Source of classification or shelving scheme | |
| Koha item type | Book |
| Withdrawn status | Lost status | Source of classification or shelving scheme | Damaged status | Not for loan | Collection code | Permanent Location | Current Location | Date acquired | Total Checkouts | Full call number | Barcode | Date last seen | Price effective from | Koha item type |
|---|---|---|---|---|---|---|---|---|---|---|---|---|---|---|
| Military College of Signals (MCS) | Military College of Signals (MCS) | 12/12/2016 | 005.44 GER | MCSEB-670 | 12/08/2016 | 12/12/2016 | Book |
